歴代高松宮記念勝ち馬 - Statistics

General Stats
  • This quiz has been taken 6 times
  • The average score is 13 of 31
Answer Stats
Hint Answer % Correct
2025年 サトノレーヴ
100%
2026年 サトノレーヴ
100%
1996年 フラワーパーク
80%
2000年 キングヘイロー
80%
2013年 ロードカナロア
80%
2022年 ナランフレグ
80%
2004年 サニングデール
60%
2010年 キンシャサノキセキ
60%
2011年 キンシャサノキセキ
60%
2012年 カレンチャン
60%
2023年 ファストフォース
60%
2003年 ビリーヴ
40%
2005年 アドマイヤマックス
40%
2008年 ファイングレイン
40%
2009年 ローレルゲレイロ
40%
2018年 ファインニードル
40%
2024年 マッドクール
40%
1997年 シンコウキング
20%
1998年 シンコウフォレスト
20%
1999年 マサラッキ
20%
2002年 ショウナンカンプ
20%
2006年 オレハマッテルゼ
20%
2007年 スズカフェニックス
20%
2015年 エアロヴェロシティ
20%
2016年 ビッグアーサー
20%
2020年 モズスーパーフレア
20%
2021年 ダノンスマッシュ
20%
2001年 トロットスター
0%
2014年 コパノリチャード
0%
2017年 セイウンコウセイ
0%
2019年 ミスターメロディ
0%
No matching quizzes found
Score Distribution
Percent of People with Each Score
Percentile by Number Answered
Your Score History
You have not taken this quiz